000 00843cam a22002531 4500
001 f 29000032
003 DLC
005 20260227111249.0
008 921102s1929 dcu f000 0 eng
010 _af 29000032
035 _a(OCoLC)26897360
040 _aDLC
_cNcD
_dOCoLC
_dDLC
042 _apremarc
050 0 0 _aSH11
_b.A2 no. 67
051 _aSH34
_b.F37
100 1 _aFearnow, Edgar Cecil,
_d1875-
245 1 0 _aResults of game-fish plantings by the United States Bureau of fisheries.
_cBy E. C. Fearnow ...
260 _a[Washington,
_bU.S. Govt. print. off.]
_c1929.
300 _a75 p.
_btables.
_c23 cm.
490 0 _a[U. S.] Bureau of fisheries. Economic circular,
_vno. 67
500 _aCaption title.
500 _aAt head of title: Department of commerce. Bureau of fisheries.
650 0 _aFish culture
_zUnited States.
999 _c23297
_d23297